000
00203 a2200085 4500
999
_c
213250
_d
213250
020
_a
0451526678
100
_a
Eugene O'Neill
245
_a
Four Plays : Beyond The Horizon
260
_b
Signet Classics
_c
1998